Normal view
MARC view
- Hawkins, Kathryn
Entry Personal Name
001 - CONTROL NUMBER
- control field: 106736
003 - CONTROL NUMBER IDENTIFIER
- control field: NUST
005 - DATE AND TIME OF LATEST TRANSACTION
- control field: 20230104110427.0
008 - FIXED-LENGTH DATA ELEMENTS
- fixed length control field: 230104|| aca||aabn | a|a d
040 ## - CATALOGING SOURCE
- Original cataloging agency: NUST
- Transcribing agency: NUST
100 ## - HEADING--PERSONAL NAME
- Personal name: Hawkins, Kathryn
670 ## - SOURCE DATA FOUND
- Source citation: Work cat.: (NUST)185815: Hawkins, Kathryn, Step by Step Chinese Cookery /, 1995.
